000
00303nam a2200121Ia 4500
005
20251222143148.0
008
251222s9999||||xx |||||||||||||| ||spa||
082
_a
236.4/M26
100
_a
Marie des Anges, Frére Francois
245
0
_a
Fatima:
264
_b
Inmaculate Heart Publications
942
_c
LIB
999
_c
12568
_d
12568